Corporate governance in Estonia 2011

Gespeichert in:
Bibliographische Detailangaben
Format: Buch
Sprache:Englisch
Veröffentlicht: Paris OECD 2011
Schriftenreihe:Corporate governance
Schlagworte:
Tags: Tag hinzufügen
Keine Tags, Fügen Sie das erste Tag hinzu!

MARC

LEADER 00000nam a2200000 4500
001 0168722
005 20240315120459.8
020 |a 978-92-64-11889-8 
041 0 |a eng 
044 |a FR 
245 1 0 |a Corporate governance in Estonia 2011 
264 1 |a Paris  |b OECD  |c 2011 
300 |a 73 s. 
490 1 |a Corporate governance 
830 0 |a Corporate governance 
610 2 0 |a správa podniku 
610 2 0 |a správa spoločnosti 
610 2 0 |a riadenie podnikové 
610 2 0 |a burzy 
610 2 0 |a Estónsko